<?xml version="1.0" encoding="UTF-8"?>
<record
    xmlns:xsi="http://www.w3.org/2001/XMLSchema-instance"
    xsi:schemaLocation="http://www.loc.gov/MARC21/slim http://www.loc.gov/standards/marcxml/schema/MARC21slim.xsd"
    xmlns="http://www.loc.gov/MARC21/slim">

  <leader>01386    a2200229   4500</leader>
  <controlfield tag="001">39887</controlfield>
  <controlfield tag="005">20260407155655.0</controlfield>
  <controlfield tag="008">260407a1957    arg                 spa d</controlfield>
  <controlfield tag="003">AR-UNSa-BCEJYS</controlfield>
  <datafield tag="040" ind1=" " ind2=" ">
    <subfield code="a">AR-UNSa-BCEJYS</subfield>
    <subfield code="b">spa</subfield>
    <subfield code="c">AR-UNSa-BCEJYS</subfield>
  </datafield>
  <datafield tag="080" ind1=" " ind2=" ">
    <subfield code="a">930.2</subfield>
    <subfield code="x">Metodolog&#xED;a de la historia. Estudios basados en fuentes escritas, documentos, inscripciones</subfield>
  </datafield>
  <datafield tag="245" ind1="1" ind2="0">
    <subfield code="a">Introducci&#xF3;n al estudio de la historia</subfield>
  </datafield>
  <datafield tag="250" ind1=" " ind2=" ">
    <subfield code="a">3a. ed</subfield>
  </datafield>
  <datafield tag="264" ind1=" " ind2="1">
    <subfield code="a">Barcelona :</subfield>
    <subfield code="b">Bosch</subfield>
    <subfield code="c">1957</subfield>
  </datafield>
  <datafield tag="300" ind1=" " ind2=" ">
    <subfield code="a">626 p.</subfield>
    <subfield code="c">22 cm.</subfield>
  </datafield>
  <datafield tag="505" ind1=" " ind2=" ">
    <subfield code="a">1. Orientaciones generales para el estudio de la Historia - 2. Los fundamentos teor&#xE9;ticos de la Historia - 3. El suceder hist&#xF3;rico en sus elementos - 4. Los fundamentos ps&#xED;quicos de la investigaci&#xF3;n hist&#xF3;rica - 5. La configuraci&#xF3;n y la divisi&#xF3;n de la materia - 6. La divisi&#xF3;n de la ciencia de la Historia seg&#xFA;n el modo de exposici&#xF3;n - 7. Heur&#xED;stica (conocimiento general de las fuentes) - 8. El previo ex&#xE1;men critico de las fuentes (cr&#xED;tica externa) - 9. Las fuentes hist&#xF3;rica mas importantes - 10. La determinaci&#xF3;n del hecho( cr&#xED;tica interna) - 11. Los medios estil&#xED;sticos de expresi&#xF3;n de la ciencia hist&#xF3;rica - 12. Iniciaci&#xF3;n en el aprovechamiento de los medios auxiliares bibliogr&#xE1;ficos.</subfield>
  </datafield>
  <datafield tag="041" ind1=" " ind2=" ">
    <subfield code="a">spa</subfield>
  </datafield>
  <datafield tag="942" ind1=" " ind2=" ">
    <subfield code="c">BK</subfield>
  </datafield>
  <datafield tag="590" ind1=" " ind2=" ">
    <subfield code="a">niveau_biblio:m niveau_hierar:0</subfield>
  </datafield>
  <datafield tag="100" ind1="1" ind2=" ">
    <subfield code="a">Bauer, Wilhelm</subfield>
  </datafield>
  <datafield tag="700" ind1="1" ind2=" ">
    <subfield code="a">Valdeavellano, Luis G de</subfield>
  </datafield>
  <datafield tag="999" ind1=" " ind2=" ">
    <subfield code="c">3121</subfield>
    <subfield code="d">3121</subfield>
  </datafield>
  <datafield tag="952" ind1=" " ind2=" ">
    <subfield code="0">0</subfield>
    <subfield code="1">0</subfield>
    <subfield code="4">0</subfield>
    <subfield code="7">0</subfield>
    <subfield code="a">BCEJYS</subfield>
    <subfield code="b">BCEJYS</subfield>
    <subfield code="c">16</subfield>
    <subfield code="d">2026-04-07</subfield>
    <subfield code="l">0</subfield>
    <subfield code="o">930.2 B344</subfield>
    <subfield code="p">L20653</subfield>
    <subfield code="r">2026-04-07 15:56:55</subfield>
    <subfield code="w">2026-04-07</subfield>
    <subfield code="y">L</subfield>
  </datafield>
</record>
